China WTO accession - consequences for international competitiveness of EU

Aktuálna pozícia Číny v globálnej ekonomike a rozvoj čínskej ekonomiky. Dopady čínskych priamych zahraničných investícií na záujmy EÚ. Strategické ambície Číny v EÚ. Spory WTO - Čína. TTIP

Gespeichert in:
Bibliographische Detailangaben
1. Verfasser: Baláž, Peter
Weitere Verfasser: Harvánek, Lukáš
Format: Buchkapitel
Sprache:Englisch
Schlagworte:
Tags: Tag hinzufügen
Keine Tags, Fügen Sie das erste Tag hinzu!

MARC

LEADER 00000naa$a2200000$$$4500
001 0210883
005 20240603071421.1
041 0 |a eng 
044 |a RU 
245 1 0 |a China WTO accession - consequences for international competitiveness of EU  |c Peter Baláž, Lukáš Harvánek 
520 |a Aktuálna pozícia Číny v globálnej ekonomike a rozvoj čínskej ekonomiky. Dopady čínskych priamych zahraničných investícií na záujmy EÚ. Strategické ambície Číny v EÚ. Spory WTO - Čína. TTIP 
610 2 0 |a Čína 
610 2 0 |a konkurencieschopnosť 
610 2 0 |a investície priame zahraničné 
610 2 0 |a obchod medzinárodný 
100 1 |a Baláž, Peter 
700 1 |a Harvánek, Lukáš